| 000 | 00429nam a22001457a 4500 | ||
|---|---|---|---|
| 082 | _aP-556 | ||
| 100 |
_aWajahat Khan _948272 |
||
| 245 | _aAnalysis of processes involved in construction of housing scheme taking army housing scheme as a case study/ | ||
| 260 |
_aRisalpur: _bMCE _cc2014 |
||
| 300 |
_a79p,; _c26cm |
||
| 526 |
_a0 _b0 _c0 _dP_556 |
||
| 650 | _aProject | ||
| 700 |
_aSohail Malik, Major _948322 |
||
| 942 |
_2ddc _cBK |
||
| 999 |
_c551305 _d551305 |
||